Catálogo
 En Linea

les noyés du désert : (Registro nro. 37264)

Detalles MARC
000 -CABECERA
campo de control de longitud fija 00385nam a2200133 a 4500
001 - NÚMERO DE CONTROL
campo de control 000037774
005 - FECHA Y HORA DE LA ÚLTIMA TRANSACCIÓN
campo de control 20201002031119.0
008 - DATOS DE LONGITUD FIJA--INFORMACIÓN GENERAL
campo de control de longitud fija 130306s1998 fr 000 0 spa d
040 ## - FUENTE DE LA CATALOGACIÓN
Centro catalogador/agencia de origen DO-SdBNP
Lengua de catalogación spa
Centro/agencia transcriptor BNPHU
100 1# - ENTRADA PRINCIPAL--NOMBRE DE PERSONA
Nombre de persona Collignon, Claude
9 (RLIN) 64224
245 14 - MENCIÓN DE TÍTULO
Título les noyés du désert :
Resto del título roman /
Mención de responsabilidad, etc. Claude Collignon.
260 ## - PUBLICACIÓN, DISTRIBUCIÓN, ETC.
Lugar de publicación, distribución, etc. París :
Nombre del editor, distribuidor, etc. Gallimard ,
Fecha de publicación, distribución, etc. 1998.
300 ## - DESCRIPCIÓN FÍSICA
Extensión 278 p. : ;
Dimensiones 21 cm.
Existencias
Estado de retiro Estado de pérdida Restricciones de uso No para préstamo Código de colección Localización permanente Ubicación/localización actual Ubicación en estantería Fecha de adquisición Número de inventario Total de préstamos Signatura topográfica completa Código de barras Fecha visto por última vez Precio válido a partir de Tipo de ítem Koha
        Monografías: Libros y Folletos General General Orden iniciada 06.03.2013 LF1   37774-10 25.06.2020 25.06.2020 No se presta

Con tecnología Koha